<?xml version="1.0" encoding="UTF-8"?>
<record
    xmlns:xsi="http://www.w3.org/2001/XMLSchema-instance"
    xsi:schemaLocation="http://www.loc.gov/MARC21/slim http://www.loc.gov/standards/marcxml/schema/MARC21slim.xsd"
    xmlns="http://www.loc.gov/MARC21/slim">

  <leader>01663nam a22001577a 4500</leader>
  <datafield tag="999" ind1=" " ind2=" ">
    <subfield code="c">528003</subfield>
    <subfield code="d">528003</subfield>
  </datafield>
  <controlfield tag="008">241104b           ||||| |||| 00| 0 eng d</controlfield>
  <datafield tag="100" ind1=" " ind2=" ">
    <subfield code="a">Ravipati, Nikhil</subfield>
    <subfield code="9">59243</subfield>
  </datafield>
  <datafield tag="245" ind1=" " ind2=" ">
    <subfield code="a">Indian farmers&#x2019; struggle 2020&#x2013;2021: Contemporary agrarian questions and challenges for a Marxian political ecology of agriculture</subfield>
  </datafield>
  <datafield tag="260" ind1=" " ind2=" ">
    <subfield code="a">Sociological Bulletin  </subfield>
  </datafield>
  <datafield tag="300" ind1=" " ind2=" ">
    <subfield code="a">73(3), Jul, 2024: p.278-298</subfield>
  </datafield>
  <datafield tag="520" ind1=" " ind2=" ">
    <subfield code="a">This essay draws from critical agrarian studies and the history of farmer&#x2019;s movements in India in order to shed light on a central problem that the Marxian political ecology of agriculture must confront: how can we develop an ecologically adequate approach to agrarian questions without falling into populism? Or, put differently, how can we reformulate the intuitions of food sovereignty movements through the perspective of the &#x2018;global worker&#x2019;, thus revealing the &#x2018;unity of the diverse&#x2019;? It does so by reflecting on debates surrounding the meaning of the agrarian questions in the 21st century, responses to the farmers&#x2019; struggle against the so-called new farm laws, and the crisis confronting capitalist world-ecology in the neoliberal era. In particular, the essay thinks through the Bernstein&#x2013;McMichael debate in the context of the recent farmers&#x2019; struggle. It concludes by posing some problems that the Marxian political ecology must confront today.- Reproduced 

https://journals.sagepub.com/doi/full/10.1177/00380229241257617
</subfield>
  </datafield>
  <datafield tag="650" ind1=" " ind2=" ">
    <subfield code="a">Farmers moment in India, Agrarian questions, Populism, Political ecology, Political economy.  </subfield>
    <subfield code="9">48497</subfield>
  </datafield>
  <datafield tag="773" ind1=" " ind2=" ">
    <subfield code="a">Sociological Bulletin  </subfield>
  </datafield>
  <datafield tag="906" ind1=" " ind2=" ">
    <subfield code="a">INDIA - HISTORY</subfield>
  </datafield>
  <datafield tag="942" ind1=" " ind2=" ">
    <subfield code="c">AR</subfield>
  </datafield>
  <datafield tag="952" ind1=" " ind2=" ">
    <subfield code="0">0</subfield>
    <subfield code="1">0</subfield>
    <subfield code="2">ddc</subfield>
    <subfield code="4">0</subfield>
    <subfield code="7">0</subfield>
    <subfield code="9">403083</subfield>
    <subfield code="a">IIPA</subfield>
    <subfield code="b">IIPA</subfield>
    <subfield code="d">2024-11-04</subfield>
    <subfield code="h">73(3), Jul, 2024: p.278-29</subfield>
    <subfield code="p">AR133432</subfield>
    <subfield code="r">2024-11-04</subfield>
    <subfield code="y">AR</subfield>
  </datafield>
</record>
